Normal view
MARC view
Entry Topical Term
001 - CONTROL NUMBER
- control field: 16693
003 - CONTROL NUMBER IDENTIFIER
- control field: BD-RjUL
005 - DATE AND TIME OF LATEST TRANSACTION
- control field: 20250827160535.0
008 - FIXED-LENGTH DATA ELEMENTS
- fixed length control field: 250827|| aca||aabn | a|a d
040 ## - CATALOGING SOURCE
- Original cataloging agency: BD-RjUL
- Transcribing agency: BD-RjUL
150 ## - HEADING--TOPICAL TERM
- Topical term or geographic name entry element: 891.439092 (Urdu poets — biography, criticism)
670 ## - SOURCE DATA FOUND
- Source citation: Work cat.: (BD-RjUL)85587: Jalīl Mānakpūrī 16692, تاج سخن / Tāj-i suk̲h̲an /, 1932?